MDQL
is popping MORE tags! Check the
thread
!
Quizzes
Events
Quiz Creation
Community
Videos
Private Events
Remove Ads
Sign In
Join for FREE
Feedback
Dark Mode
Quiz Categories
Sports
Geography
Music
Movies
Television
Just For Fun
Miscellaneous
History
Literature
Language
Science
Gaming
Entertainment
Religion
Holiday
For Kids
Quiz Lab
Recent
Popular Today
Quiz Kudos Today
Editor Picks
Curator Picks
Quizzes by...
Day
Popularity
Type
Ratings
Length
Year
Community
Subscriptions
Recent Discussions
Orange Saloon
Badges
Playlists
Quests
Create
Leaderboards
Showdown
Live 5
Trivia Bingo
Activity
Puzzle Library
Sporcle Events
Private Events
Virtual Trivia
Globe League
Become a Host
Pub Owners
SporcleCon
Opinionation
Our Games
Videos
Blog
Mobile Apps
Partnerships
Remove Ads and Go Orange
Feedback
Science
Computer
Plants
Astronomy
Chemistry
Elements
Math
Animal
Physics
Anatomy
Biology
Geology
General Science
Science
Computer
Plants
Astronomy
Chemistry
Elements
Math
Animal
Physics
Anatomy
Biology
Geology
General Science
Random Quiz
Search Sporcle
×
Quiz Lab
Quiz Lab
Science
Computer
Type in answers that appear in a list
Type in answers that appear in a list
Classic
Best Score? Go Orange.
MS-DOS Commands Stats
Can you name the following MS-DOS commands?
By
Banquo
3m
16 Questions
376 Plays
376 Plays
376 Plays
Comments
Comments
Give Quiz Kudos
Give Quiz Kudos
-
- Ratings
hide this ad
Replay
Link that replays current quiz
Next Quiz
Link to next quiz in quiz playlist
You Got
0%
They Got
Avg Score
64%
Avg Friend Score
Upgrade to see
Score Distribution
Jump to the score distribution portion of the page
Score
0/16
Timer
03:00
0
Plays Today
Action
Command
% Correct
Delete a file or directory
DEL
92.3%
List files in the current directory
DIR
85.4%
Change the working directory
CD
85.1%
Clear the screen
CLS
85.1%
Rename a file or directory
REN
84.6%
Create a new directory
MD
82.4%
Delete an entire directory tree
DELTREE
74.2%
Defragment a disk or partition
DEFRAG
60.6%
Action
Command
% Correct
View or change file attributes
ATTRIB
56.6%
Check for and repair disk errors
SCANDISK
56.4%
Report the OS name and version
VER
51.6%
Display memory (RAM) usage
MEM
51.3%
Erase & prepare a partition for use
FORMAT
47.3%
A more advanced copy command
XCOPY
43.6%
Create, delete or view partitions
FDISK
34.8%
Display the contents of a text file
TYPE
32.7%
Quiz Playlist
Details
Report
Send in Message
Add To Playlist
Classic:
Type in answers that appear in a list
Last Updated: Feb 16, 2017
Quiz Scoreboard
CHALLENGE
Sign Up to Join the Scoreboard
Show All
Scores
Hide
Comments
May contain spoilers
Recently Published
Two Season TV Shows II
by 123Four
Television
10m
Image Sorting: Flags VI
by Barbecue
Geography
2m
Find the 'City' Movie
by crazypaving
Movies
60s
More to Explore
Quiz From the Vault
Featured Blog Post
14 Easter Pick-up Lines to Find Eggs With
hide this ad
You Might Also Like...
Tags
Computer Quiz
Computer Terms
microsoft
Today's Top Quizzes in Science
Browse Science
hide this ad
Today's Top Quizzes in Computer
Browse Computer
Top Contributed Quizzes in Science
1
Mitosis Sporcle for Escape Room
2
Windmill: Elements
3
200 Vogels in Nederland
4
Square Numbers Scrambled (1-50)
5
Elements In Images
6
Glycolysis
7
Count to 60
8
Quick Pick: 'CI-CJ' Animals
9
17 TIMES TABLE
10
perfect squares 1-25
Explore More
Trending Topics
Disney
Crossword
Harry Potter
Anime
Kpop
Marvel
NBA
Puzzle
WWE
The Office
NFL
Soccer
Country
Pokémon
Song
hide this ad
More By:
Banquo
Quiz
Plays
Rating
Category
Featured
Created
Cast of Happy Days
1,203
3.57
Television
May 17, 2010
Computer CPU Quiz
721
4.33
Science
May 17, 2010
Operating Systems
717
4.40
Science
May 17, 2010
MS-DOS Commands
376
4.43
Science
May 17, 2010
Edgar Allan Poe
310
5.00
Literature
May 18, 2010
Go to Creator's Profile
Score Distribution
Quiz Creator Spotlight
Banquo
Follow
Send a Message
Quizzes Created
-
Created Quiz Play Count
-
More By This Creator
Popular Quizzes Today
1
Find the US States - No Outlines Minefield
2
Colored Red Africa Blitz
3
Find the 'City' Movie
4
5x2 Blitz: Bands
5
The Countries of the World
6
Find the Countries of Europe - No Outlines Minefield
7
Find the US States
8
US States
More Science Quizzes
Elements in the Real World
Editor's Pick
Trending Quizzes
Colored Red Europe Blitz I
Colored Red Africa Blitz II
Colored Red Europe Blitz II
Colored Red Europe Blitz III
Colored Red Africa Blitz III
Recently Updated
How Do You Spell That?
pecheneg
Godzilla Movies
pecheneg
Grab Bag: 4-10 Letters
pecheneg
2024 March Madness Bracket
pecheneg
Famous TV Couples
Peacemaker
Champions League XIs: Real Madrid
pecheneg
Largest US Cities 1790-2010
pecheneg
Rides in Walt Disney World
pecheneg
Most Oscar Losses (Acting)
pecheneg
Beyoncé Albums
pecheneg
Trending Topics
Harry Potter
Kpop
Marvel
Disney
Anime
Crossword
NBA
Song
NFL
Puzzle
WWE
Pokémon
Country
The Office
Soccer
Your Account Isn't Verified!
In order to create a playlist on Sporcle, you need to verify the email address you used during registration. Go to your
Sporcle Settings
to finish the process.
Report this User
Report this user for behavior that violates our
Community Guidelines
.
Details:
Send Report
Go to the Sporcle.com Mobile Site →
Comments